Statistics for Sayings About Animals #4

Click here to take the quiz!

General Stats

  • This quiz has been taken 37,676 times
  • The average score is 14 of 20

Answer Stats

Cliche% Correct
Pull a {rabbit} out of a hat
98%
There's plenty of {fish} in the sea
97%
Grinning like a Cheshire {cat}
96%
See you later, {alligator}
94%
Sleep tight. Don't let the {bed} {bugs} bite.
88%
A lone {wolf}
86%
Open a can of {worms}
83%
Put the cart before the {horse}
83%
Slippery as an {eel}
81%
Make a mountain out of a {mole}hill
80%
Packed in like {sardines}
79%
Like a {moth} to a flame
78%
A {frog} in one's throat
77%
As the {crow} flies
70%
Smarter than the average {bear}
57%
A stool {pigeon}
42%
Lie down with dogs, wake up with {fleas}
41%
Knee high to a {grasshopper}
39%
Make a silk purse out of a {sow}'s ear
39%
Naked as a {jaybird}
27%

Score Distribution

Percentile by Number Answered

Percent of People with Each Score

Your Score History

You have not taken this quiz